000 00358nam a2200157Ia 4500
003 OSt
005 20240123145642.0
008 170523s9999 xx 000 0 und d
020 _a9390177537
040 _ciimt university meerut
100 _aBERI- GC
245 0 _aMARKETING RESEARCH
260 _bDELHI TATA MC GRAW HILL
260 _c1997
942 _2ddc
_c02
999 _c70
_d70